World Capitals Closest to Singapore - Statistics

General Stats
  • This quiz has been taken 98 times
  • The average score is 16 of 20
Answer Stats
km capital miles % Correct
1426 Bangkok 886
97%
902 Jakarta 560
97%
309 Kuala Lumpur 192
96%
2391 Manila 1486
89%
4142 New Delhi 2574
89%
2198 Hanoi 1366
88%
4465 Beijing 2775
85%
1855 Vientiane 1153
85%
2881 Dhaka 1790
81%
1142 Phnom Penh 710
81%
2652 Dili 1648
78%
2210 Naypyidaw 1373
78%
3250 Taipei 2019
77%
1296 Bandar Seri Begawan 805
76%
3530 Kathmandu 2194
76%
3274 Thimphu 2034
70%
3380 Malé 2101
68%
4813 Islamabad 2991
67%
2720 Colombo 1690
63%
3481 Ngerulmud 2163
43%
No matching quizzes found
Score Distribution
Percent of People with Each Score
Percentile by Number Answered
Your Score History
You have not taken this quiz